| 000 | 00743nam a2200241 a 4500 | ||
|---|---|---|---|
| 005 | 20210219160059.0 | ||
| 008 | 080724s1985 mx r 000 0 spa d | ||
| 020 | _a9232022915 | ||
| 035 | _aUPN01000158147 | ||
| 049 | _aUNE | ||
| 080 | _a659.1 =40 MUR No.97 | ||
| 100 | 1 | _aMurdock, Graham | |
| 245 | 1 | 3 |
_aLa Communication de masse et l'industrie publicitaire / _cGraham Murdock; Noreene Janus. |
| 260 |
_aParís : _bUNESCO, _c1985. |
||
| 300 |
_a87 p. : _bfots. |
||
| 440 | 0 |
_aEtudes et documents d'information ; _v97 |
|
| 500 | _aIncluye bibliografía | ||
| 690 | _aMedios de comunicación - Publicidad | ||
| 690 | _aMedios de comunicación de masas | ||
| 700 | 1 |
_aJanus, Noreene, _ecoaut. |
|
| 710 | 2 | _aUNESCO | |
| 905 | _aUNESCO | ||
| 999 |
_c130261 _d130261 |
||